00603nam a2200193Ia 4500003000900000008004100009020001800050040001600068080001600084100002300100245007700123260004000200300000900240650002400249650001900273942000700292999001700299952009300316IN-BaIIA211028s9999 xx 000 0 eng d a81-7371-155-0 cIIA Library a681.11bMUL aMuller, Sam923665 0aMaking a clock-accurate sundialbcustomized to your locationcSam Muller aHyderabadbUniversities Pressc1999 a58p. aClock making923666 aSundial923667 cBK c18607d18607 00104070aBANbKODcGENd2013-05-02l0o681.11/ MULp19529r2021-11-05w2013-05-02yBK